|
|
|
|
| LEADER |
00000nab a2200000uu 4500 |
| 001 |
vtls011449620 |
| 003 |
SK-MaSNL |
| 005 |
20260305002152.0 |
| 008 |
230313|1974 xo |||||||||||||||||slo| |
| 015 |
|
|
|a SNBRB
|
| 035 |
|
|
|a (urnnbn)urn:nbn:sk:snk:ar-0066wj
|
| 035 |
|
|
|a (uuid)887de7b3-fa13-48a9-8d29-e4d18854fc46
|
| 035 |
|
|
|a urn:nbn:sk:snk-abclzv
|
| 040 |
|
|
|a SNKBUCL
|b slo
|c SNKBUCL
|e AACR2
|
| 041 |
0 |
|
|a slo
|
| 044 |
|
|
|a xo
|c SK
|
| 100 |
1 |
|
|a Kirsch, Rainer,
|d 1934-2015
|4 aut
|9 260574
|
| 245 |
1 |
0 |
|a Zvečerieva sa
|c Rainer Kirsch
|
| 773 |
0 |
|
|t Revue svetovej literatúry
|g Roč. 10, č. 3 (1974), s. 66
|
| 958 |
|
|
|a OND
|
| 958 |
|
|
|a EUIPO
|
| 958 |
|
|
|a article16
|
| 999 |
|
|
|c 3224113
|d 3226043
|